Digital signal processing (Record no. 176685)

MARC details
000 -LEADER
fixed length control field 00349nam a2200133Ia 4500
008 - FIXED-LENGTH DATA ELEMENTS--GENERAL INFORMATION
fixed length control field 231217s9999 xx 000 0 und d
041 ## - LANGUAGE CODE
Language code of text/sound track or separate title English
082 ## - DEWEY DECIMAL CLASSIFICATION NUMBER
Classification number 621.38481 GAN;1 R
100 ## - MAIN ENTRY--PERSONAL NAME
Personal name Ganesh Rao, DGejji, Vineeta P
245 #0 - TITLE STATEMENT
Title Digital signal processing
260 ## - PUBLICATION, DISTRIBUTION, ETC.
Date of publication, distribution, etc. 2005
Name of publisher, distributor, etc. Sanguine Technical
Place of publication, distribution, etc. Bangalore
300 ## - PHYSICAL DESCRIPTION
Extent 537
942 ## - ADDED ENTRY ELEMENTS (KOHA)
Koha item type Books
Holdings
Date last seen Total checkouts Full call number Accession number Date due Date last checked out Uniform resource identifier Cost, total (INR) price Price effective from Category Lost status Damaged status Department Withdrawn status Home library Current library Shelving location Entry date Vendor Cost, normal purchase price Grants Billnumber Billdate Currency symbol Conversion rate Discount Old discount
02/04/2024 1 621.38481 GAN;1 R 39337 06/03/2024 02/04/2024 digital/contents/54438.pdf 212.00 26/01/2024 Books     Central Library   Central Library Central Library Central Library 09/12/2005 Tata Book House 265.00 TC 196 09/09/2004 RS 1 53 20
26/01/2024   621.38481 GAN;2 R1 39338     digital/contents/54438.pdf 212.00 26/01/2024 Books     Central Library   Central Library Central Library Central Library 09/12/2005 Tata Book House 265.00 TC 196 09/09/2004 RS 1 53 20
02/04/2024 1 621.38481 GAN;3 39339 21/07/2015 02/04/2024 digital/contents/54438.pdf 212.00 26/01/2024 Books     Central Library   Central Library Central Library Central Library 09/12/2005 Tata Book House 265.00 TC 196 09/09/2004 RS 1 53 20
26/01/2024   621.38481 GAN;4 45160     digital/contents/54438.pdf   26/01/2024 Books     TC   Central Library Central Library TC 20/06/2007 Publisher   TC   17/09/2008 RS 1    

© For any Suggestions or Query, please contact the library staff @ librarian@pes.edu or Phone: +9180 2672 1983/ 2108.